| 000 | 02859ngm a2200457 4500 | ||
|---|---|---|---|
| 003 | dpl | ||
| 005 | 20090102112319.0 | ||
| 007 | DVD | ||
| 008 | ||||||sp199 xxu|||||c ||| 00| 0 ng d | ||
| 010 | _aDVD-001692-1694 & DVD-005714-5718 | ||
| 024 |
_aDHIF0705S _c45.00 |
||
| 035 | _aDVD-001692-1694 | ||
| 035 | _aDVD-005714-5718 | ||
| 040 |
_aDPL _cDPL |
||
| 082 | _aDVD / PURA | ||
| 245 |
_aPurab Aur Pachhim _cManoj Kumar Presents _h[videorecording] DVD/ |
||
| 260 | _bMoserbaer Entertainment | ||
| 300 |
_a1 videodisc DVD; _bsd., col. ; _c4 3/4 in. _fDVD |
||
| 440 | _aMoserbaer Home Entertainment | ||
| 500 | _aMoserbaer India Ltd. has obtained the necessary licence/conssent from the owner of the copyright in the wroks for making this DVD Film. | ||
| 538 | _aDolby Digital 5.1 - Hindi Subtitles: English | ||
| 538 | _aThis DVD can be played back on DVD Players, multimedia systems & PC with MPEG card interactive with version 2.0 players. | ||
| 650 | _aMotion Picture | ||
| 700 | _aManoj Kumar | ||
| 700 | _aKalyanji | ||
| 700 | _aAnandji | ||
| 700 | _aSaira Banu | ||
| 700 | _aKhanna, Vinod | ||
| 700 | _aPran | ||
| 942 |
_cCF _2ddc _hDVD _mPURA |
||
| 999 |
_c20490 _d20490 |
||